000 01158nam a22003497a 4500
003 CHAP
005 20220329133647.0
008 971013s1990 mnu r 00010 eng d
010 _a9155
011 _a10127
035 _a9364
040 _cCHAP
082 0 4 _a633.1072
_bP6
100 0 0 _aPomeranz, Yeshajahu
_eed.
_990750
245 1 0 _aAdvances in cereal science and technology
_c/editado por Yeshajahu Pomeranz
260 _aSt.Paul, Minnesota :
_bAmerican Association of Cereal Chemists,
_c1990
300 _aV.
500 _aLa biblioteca tiene : v.10
590 _aBATCH-UPD
_b10
_c20130110
_lUCH01
_h0008
590 _aBATCH-UPD
_b10
_c20130110
_lUCH01
_h1138
590 _aBATCH-UPD
_b10
_c20130410
_lUCH01
_h0725
590 _aBATCH-UPD
_b10
_c20130914
_lUCH01
_h0912
590 _aCONVERSION
_b10
_c20130109
_lUCH01
_h1306
650 1 4 _aCereales
_xAnálisis.
_921382
650 1 4 _aCereales
_xInvestigación.
_921429
650 1 4 _aCereales
_xProcesado.
_921454
650 1 4 _aGluten.
_948338
650 1 4 _aTrigo
_xGluten.
_9115034
901 _aBK
942 _cLIBRO
949 _a633.1072 P6
_bBC
_cLIBRO
_d33724000190682
_eLIBRO
_fv.10
_h85559
_i9364
_si
_t270.43
999 _c9155
_d9155